History Quiz

Random History Quiz

Sparta and Athens Quiz Stats

 Plays Quiz not verified by Sporcle

Challenge
Share
Tweet
Embed
Score 0/11 Timer 10:00
0 Plays Today
Question Answer % Correct
Invaders from the north conqered the Peloponnesians and made them into slaves, or ______helots
79.2%
Could all Athenian men be citizens?yes
64.5%
The Spartan assembly elected five _____ephors
44.5%
All male Athenians served in the ________assembly
24.9%
_____ ended the practice of becoming slaves to pay debts.Solon
20.2%
Nine rulers, or ______, were annually selected for this.archons
18.3%
This person turned Athens into a direct democracy.Cleisthenes
15.8%
Noncitizens born outside of Athens were called ______metics
12.8%
In Spartan society, half-citizens were free but had no _________political rights
10.7%
Citizens participated in making decisions in a ________ (type of gov't)direct democracy
10.4%
What did these do?Make sure the king acted within law
3.6%

You're not logged in!

Compare scores with friends on all Sporcle quizzes.
OR
Log In

You Might Also Like...

Show Comments

Extras

Created Jan 9, 2010ReportNominate
Tags:Athens, sparta

Top Quizzes Today


Score Distribution

Your Account Isn't Verified!

In order to create a playlist on Sporcle, you need to verify the email address you used during registration. Go to your Sporcle Settings to finish the process.

Report this User

Report this user for behavior that violates our Community Guidelines.

Details: